| 000 | 00650nmc a2200253 a 4500 | ||
|---|---|---|---|
| 003 | AR-BaBNM | ||
| 005 | 20251128204009.0 | ||
| 008 | 037119s1973 ||||||||||||||000 | spa|| | ||
| 020 | _a92-3-301074-0 | ||
| 040 | _cAR-BaBNM | ||
| 110 | 2 | _aUNESCO | |
| 245 | 1 | 0 | _aImagen de la Unesco |
| 260 |
_aParÃs _bUnesco _c1973 |
||
| 300 | 0 |
_a121 p. _bil., tablas |
|
| 490 | 0 | _aManuales de información sobre la Unesco | |
| 650 | 4 | _aORGANIZACIONES INTERNACIONALES | |
| 650 | 4 | _aSOLIDARIDAD | |
| 650 | 4 | _aACCION CULTURAL | |
| 650 | 4 | _aESTRUCTURA ADMINISTRATIVA | |
| 650 | 4 | _aPAZ | |
| 650 | 4 | _aPROGRAMAS DE EDUCACION | |
| 942 | _cBK | ||
| 998 | _cCarmen | ||
| 999 |
_c5768 _d5768 |
||